000 01996nam a2200505 i 4500
001 25040
003 KOSZ 005
005 20200518143658.0
008 s1995 pl f 000 0 pol d
020 _a8386031263
040 _cKOSZ 005
_aKOSZ 005
_dKOSZ 005/AR
046 _k1995
080 _a658.1/.5
080 _a66/69
080 _a(075.8)
100 1 _aKisiel, Andrzej W.
_eAutor
245 1 0 _aBML (The Business Management Laboratory) :
_bsymulacja zarządzania przedsiębiorstwem : instrukcja dla uczestnika gry /
_cAndrzej Kisiel, Bogumiła Baranowska.
246 _a Business Management Laboratory
250 _a[Wydanie 2].
260 _aWarszawa :
_bWydawnictwa Prywatnej Wyższej Szkoły Businessu i Administracji,
_c1995.
300 _a[2], III, 145 stron :
_bilustracje ;
_c30 cm.
336 _aTekst
_btxt
_2rdacontent
337 _aBez urządzenia pośredniczącego
_bn
_2rdamedia
338 _aWolumin
_bnc
_2rdacarrier
380 _aKsiążki
380 _aPublikacje dydaktyczne
385 _mPoziom nauczania
_aSzkoły wyższe
388 _a1901-2000
388 _a1989-2000
490 1 _aZeszyty Dydaktyczne / Prywatna Wyższa Szkoła Businessu i Administracji,
_x1233-2119 ;
_v31
500 _aOpracowanie na podstawie materiałów amerykańskich.
650 7 _aGry kierownicze
650 7 _aPrzedsiębiorstwo
650 7 _aOrganizacja
650 7 _aSymulacja
650 7 _aGospodarka
655 _aPodręczniki akademickie
658 _aGospodarka, ekonomia, finanse
658 _aZarządzanie i marketing
700 1 _aBaranowska, Bogumiła
_eAutor
710 _4pbl
_aWydawnictwa Prywatnej Wyższej Szkoły Businessu i Administracji
830 0 _aZeszyty Dydaktyczne (Prywatna Wyższa Szkoła Businessu i Administracji) ;
_v31
856 _uhttp://koha.tu.koszalin.pl/cgi-bin/koha/opac-detail.pl?biblionumber=25040
_yKatalog online BPK
942 _cKS
_2UKD
999 _c25040
_d25040